书目信息 |
| 题名: |
汉语等韵学
|
|
| 作者: | 李新魁 | |
| 分册: | ||
| 出版信息: | 北京 中华书局 1983 |
|
| 页数: | 411页 | |
| 开本: | 20cm | |
| 丛书名: | ||
| 单 册: | ||
| 中图分类: | H113.9 | |
| 科图分类: | ||
| 主题词: | 汉语--语音 , 汉语--音韵学 | |
| 电子资源: | ||
| ISBN: | ||
| 000 | 00499nam0 2200193 450 | |
| 001 | 0728815141 | |
| 005 | 20070819080015.14 | |
| 010 | @d¥1.50 | |
| 100 | @a20070819d km y0chiy0120 ea | |
| 101 | 0 | @achi |
| 200 | 1 | @a汉语等韵学@Ahan yu deng yun xue@f李新魁@Fli xin kui |
| 210 | @a北京@c中华书局@d1983 | |
| 215 | @a411页@d20cm | |
| 606 | 0 | @a汉语@x语音 |
| 606 | 0 | @a汉语@x音韵学 |
| 690 | @aH113.9@v3 | |
| 701 | 0 | @a李新魁@Ali xin kui |
| 801 | 0 | @aCN@bPFT@c20070819 |
| 905 | @a213230@dH113.9@eZW18@f1 | |
| 汉语等韵学/李新魁.-北京:中华书局,1983 |
| 411页;20cm |
| ISBN :¥1.50 |
| ● |
| 相关链接 |
|
|
|
|
正题名:汉语等韵学
索取号:H113.9/ZW18
 
预约/预借
| 序号 | 登录号 | 条形码 | 馆藏地/架位号 | 状态 | 备注 |
| 1 | 7615171 | 276151717 | 密集书库-文学院/ [索取号:H113.9/ZW18] | 在馆 |